[Event "EU-ch 19th"]
[Site "Batumi"]
[Date "2018.03.20"]
[Round "4"]
[White "Baghdasaryan, Vahe"]
[Black "Aleksanyan, Hrant"]
[Result "1/2-1/2"]
[WhiteElo "2431"]
[BlackElo "2250"]
[PlyCount "80"]
[EventDate "2018.03.17"]
[EventType "swiss"]
[EventRounds "11"]
[EventCountry "GEO"]
[SourceTitle "CBM 184"]
[Source "ChessBase"]
[SourceDate "2018.05.16"]
[SourceVersion "1"]
[SourceVersionDate "2018.05.16"]
[SourceQuality "1"]

1. e4 e5 2. Nf3 Nc6 3. Bc4 Bc5 4. c3 Nf6 5. d3 0-0 6. 0-0 d5 7. exd5 Nxd5 8. Re1 Bg4 9. h3 Bh5 10. Nbd2 Nb6 11. b4 Be7 12. b5 Na5 13. g4 Naxc4 14. Nxc4 Nxc4 15. dxc4 Qxd1 16. Rxd1 Bg6 17. Nxe5 Bc2 18. Rd2 Ba4 19. Nd3 Bf6 20. Nb2 Bxc3 21. Rd3 Bf6 22. g5 Bxb2 23. Bxb2 Rfd8 24. Ra3 Bc2 25. Re1 Rd1 26. Rxd1 Bxd1 27. Be5 Be2 28. Ra4 Bd1 29. Ra5 Be2 30. Ra4 Bd1 31. Rb4 Rc8 32. c5 Be2 33. a4 c6 34. b6 axb6 35. cxb6 c5 36. Re4 Bd3 37. Re3 Ba6 38. Bb2 Kf8 39. Ba3 f6 40. gxf6 gxf6 1/2-1/2

[Event "EU-ch 19th"]
[Site "Batumi"]
[Date "2018.03.19"]
[Round "3"]
[White "Aleksanyan, Hrant"]
[Black "Suleymanli, Suleyman"]
[Result "1-0"]
[WhiteElo "2250"]
[BlackElo "1763"]
[PlyCount "55"]
[EventDate "2018.03.17"]
[EventType "swiss"]
[EventRounds "11"]
[EventCountry "GEO"]
[SourceTitle "CBM 184"]
[Source "ChessBase"]
[SourceDate "2018.05.16"]
[SourceVersion "1"]
[SourceVersionDate "2018.05.16"]
[SourceQuality "1"]

1. d4 d5 2. Nf3 c6 3. c4 Nf6 4. Qc2 e6 5. g3 Nbd7 6. Bg2 Be7 7. 0-0 0-0 8. Nbd2 b6 9. e4 Ba6 10. b3 c5 11. Rd1 cxd4 12. Nxd4 Rc8 13. exd5 exd5 14. Bb2 Qc7 15. Rac1 dxc4 16. Nc6 Rfe8 17. Nxc4 Bc5 18. b4 Bxb4 19. Qa4 Bxc4 20. Qxb4 b5 21. Ne7+ Kh8 22. Nxc8 Qxc8 23. Bf1 Nb6 24. Bxf6 gxf6 25. a4 Qf5 26. Bxc4 bxc4 27. a5 Re2 28. Qf8# 1-0

[Event "EU-ch 19th"]
[Site "Batumi"]
[Date "2018.03.18"]
[Round "2"]
[White "Miron, Lucian Costin"]
[Black "Aleksanyan, Hrant"]
[Result "1-0"]
[WhiteElo "2471"]
[BlackElo "2250"]
[PlyCount "109"]
[EventDate "2018.03.17"]
[EventType "swiss"]
[EventRounds "11"]
[EventCountry "GEO"]
[SourceTitle "CBM 184"]
[Source "ChessBase"]
[SourceDate "2018.05.16"]
[SourceVersion "1"]
[SourceVersionDate "2018.05.16"]
[SourceQuality "1"]

1. d4 d5 2. c4 e6 3. Nc3 Be7 4. cxd5 exd5 5. Bf4 c6 6. e3 Bf5 7. h3 Nd7 8. g4 Be6 9. Bd3 g5 10. Bh2 h5 11. f3 Ngf6 12. Qd2 Nf8 13. 0-0-0 Bd6 14. Bxd6 Qxd6 15. Nge2 hxg4 16. hxg4 Rxh1 17. Rxh1 0-0-0 18. Kb1 Ng6 19. Bxg6 fxg6 20. Rh3 Bf7 21. Nc1 Re8 22. Nd3 Nd7 23. Nd1 Qf6 24. Qc3 Rh8 25. Rxh8+ Qxh8 26. N1f2 Qf6 27. Ne1 Qe7 28. Qd2 c5 29. dxc5 Nxc5 30. Qc3 Kb8 31. Nc2 Nd7 32. Qh8+ Kc7 33. Qc3+ Kb8 34. Qh8+ Kc7 35. Qh2+ Kc8 36. Nd3 b6 37. Qh8+ Kb7 38. b3 Nf6 39. Qg7 Nd7 40. Kc1 a5 41. Kd2 Qf6 42. Qxf6 Nxf6 43. Nf2 Kc6 44. Nh3 Nh7 45. Kc3 Kc5 46. Ne1 Be8 47. Nd3+ Kd6 48. Kd4 Bb5 49. Ne5 Be8 50. e4 dxe4 51. fxe4 b5 52. a3 Ke6 53. Nf3 Kd6 54. Nhxg5 Nxg5 55. Nxg5 1-0

[Event "Moscow op-A 14th"]
[Site "Moscow"]
[Date "2018.02.01"]
[Round "6"]
[White "Aleksanyan, Hrant"]
[Black "Murtazin, Bulat"]
[Result "0-1"]
[WhiteElo "2251"]
[BlackElo "2394"]
[PlyCount "94"]
[EventDate "2018.01.27"]
[EventType "swiss"]
[EventRounds "9"]
[EventCountry "RUS"]
[SourceTitle "CBM 182 Extra"]
[Source "ChessBase"]
[SourceDate "2018.02.23"]
[SourceVersion "1"]
[SourceVersionDate "2018.02.23"]
[SourceQuality "1"]

1. d4 Nf6 2. c4 g6 3. Nc3 Bg7 4. e4 d6 5. f3 0-0 6. Nge2 c5 7. d5 a6 8. a4 e6 9. Ng3 h5 10. Bg5 Qb6 11. Qd2 exd5 12. cxd5 Nh7 13. a5 Qc7 14. Bh4 Nd7 15. Bc4 Rb8 16. 0-0 b5 17. axb6 Rxb6 18. f4 Re8 19. e5 dxe5 20. f5 Qb8 21. fxg6 fxg6 22. d6+ Kh8 23. Nge4 Rf8 24. Be7 Rf4 25. g3 Rxb2 26. Qe3 Nb6 27. Ba2 Rxf1+ 28. Rxf1 Bf5 29. Bf7 Qb7 30. Rf2 Nd7 31. Rxb2 Qxb2 32. Be8 Nb6 33. Qf2 Qc1+ 34. Kg2 Nc4 35. d7 Ne3+ 36. Qxe3 Qxe3 37. d8Q Bxe4+ 38. Nxe4 Qxe4+ 39. Kh3 Qg4+ 40. Kg2 Qe4+ 41. Kh3 Nf8 42. Qc8 Qe2 43. Bc6 e4 44. Bg5 c4 45. Qd8 Qf1+ 46. Kh4 e3 47. Bf4 e2 0-1

[Event "EU-ch U16 24th"]
[Site "Batumi"]
[Date "2014.10.26"]
[Round "7"]
[White "Aleksanyan, Hrant"]
[Black "Litvinov, Maxim"]
[Result "0-1"]
[WhiteElo "2050"]
[BlackElo "2211"]
[PlyCount "66"]
[EventDate "2014.10.19"]
[EventType "swiss"]
[EventRounds "9"]
[EventCountry "GEO"]
[SourceTitle "EXT 2015"]
[Source "ChessBase"]
[SourceDate "2014.11.20"]
[SourceVersion "1"]
[SourceVersionDate "2014.11.20"]
[SourceQuality "1"]

1. Nf3 Nf6 2. c4 e6 3. Nc3 Bb4 4. Qb3 Bxc3 5. Qxc3 b6 6. g3 Bb7 7. Bg2 d6 8. 0-0 Nbd7 9. d3 0-0 10. b4 Qe7 11. Bb2 e5 12. e3 Rab8 13. a4 e4 14. dxe4 Qxe4 15. Nh4 Qe6 16. e4 Ne5 17. Rac1 Bxe4 18. f3 Bb7 19. f4 Bxg2 20. Nxg2 Ned7 21. Rce1 Qh3 22. Ne3 a5 23. bxa5 bxa5 24. Nd5 Rb7 25. Ba1 Rfb8 26. Nxf6+ Nxf6 27. Qxa5 h5 28. Re2 Rb1 29. Rfe1 Ng4 30. Qc3 f6 31. Qc2 Qxh2+ 32. Rxh2 Rxe1+ 33. Kg2 Ne3+ 0-1

[Event "EU-ch U16 24th"]
[Site "Batumi"]
[Date "2014.10.23"]
[Round "5"]
[White "Aleksanyan, Hrant"]
[Black "Antal, Tibor Kende"]
[Result "1/2-1/2"]
[WhiteElo "2050"]
[BlackElo "2324"]
[PlyCount "78"]
[EventDate "2014.10.19"]
[EventType "swiss"]
[EventRounds "9"]
[EventCountry "GEO"]
[SourceTitle "EXT 2015"]
[Source "ChessBase"]
[SourceDate "2014.11.20"]
[SourceVersion "1"]
[SourceVersionDate "2014.11.20"]
[SourceQuality "1"]

1. Nf3 Nf6 2. c4 e6 3. Nc3 d5 4. d4 c6 5. e3 Nbd7 6. Qc2 b6 7. b3 Bb7 8. Bb2 Be7 9. Bd3 0-0 10. 0-0 h6 11. Qe2 Qc7 12. Rad1 Rad8 13. e4 dxe4 14. Nxe4 Nxe4 15. Bxe4 Nf6 16. Bb1 c5 17. Rfe1 cxd4 18. Rxd4 Rxd4 19. Nxd4 Bb4 20. Rd1 Rd8 21. Nf3 Rxd1+ 22. Qxd1 Qd6 23. Qxd6 Bxd6 24. Nd2 Kf8 25. f3 Ke7 26. Ne4 Bxe4 27. Bxe4 g5 28. Bc2 Nd7 29. Kf2 f5 30. h3 g4 31. fxg4 fxg4 32. hxg4 Be5 33. Ba3+ Kf6 34. Ke3 Bc3 35. Bd6 Be5 36. Ba3 Bc3 37. Kd3 Ba1 38. Ke4 Nc5+ 39. Bxc5 bxc5 1/2-1/2

[Event "EU-ch U16 24th"]
[Site "Batumi"]
[Date "2014.10.21"]
[Round "3"]
[White "Barseghyan, Harutyun"]
[Black "Aleksanyan, Hrant"]
[Result "1-0"]
[WhiteElo "2261"]
[BlackElo "2050"]
[PlyCount "61"]
[EventDate "2014.10.19"]
[EventType "swiss"]
[EventRounds "9"]
[EventCountry "GEO"]
[SourceTitle "EXT 2015"]
[Source "ChessBase"]
[SourceDate "2014.11.20"]
[SourceVersion "1"]
[SourceVersionDate "2014.11.20"]
[SourceQuality "1"]

1. d4 Nf6 2. c4 e6 3. Nc3 Bb4 4. Nf3 b6 5. Qc2 Bb7 6. a3 Bxc3+ 7. Qxc3 0-0 8. e3 Ne4 9. Qc2 f5 10. b4 d6 11. Bb2 Nd7 12. Be2 Qe7 13. 0-0 Ndf6 14. Rad1 Rae8 15. d5 e5 16. Ne1 Bc8 17. f3 Ng5 18. c5 f4 19. e4 Nh5 20. Bb5 Rd8 21. cxd6 cxd6 22. Rc1 Qf6 23. Rf2 Qh6 24. Re2 Nf6 25. Kh1 Qh5 26. Rd2 Qh4 27. Rd3 Nf7 28. Rb3 g5 29. h3 g4 30. fxg4 Bxg4 31. Nf3 1-0

[Event "EU-ch 15th"]
[Site "Yerevan"]
[Date "2014.03.12"]
[Round "9"]
[White "Pavlidou, Ekaterini"]
[Black "Aleksanyan, Hrant"]
[Result "1-0"]
[WhiteElo "2188"]
[BlackElo "2003"]
[PlyCount "129"]
[EventDate "2014.03.03"]
[EventType "swiss"]
[EventRounds "11"]
[EventCountry "ARM"]
[SourceTitle "CBM 160"]
[Source "ChessBase"]
[SourceDate "2014.05.15"]
[SourceVersion "1"]
[SourceVersionDate "2014.05.15"]
[SourceQuality "1"]

1. d4 Nf6 2. c4 e6 3. Nf3 b6 4. g3 Ba6 5. b3 Bb7 6. Bg2 Bb4+ 7. Bd2 a5 8. 0-0 0-0 9. a3 Bxd2 10. Nbxd2 Ne4 11. Qc2 Nxd2 12. Qxd2 Be4 13. Rfd1 d6 14. Rac1 Nd7 15. Qe3 Nf6 16. Ne1 Bxg2 17. Nxg2 c6 18. Nf4 Qb8 19. Qf3 Qb7 20. Nd3 d5 21. Qf4 Rfc8 22. c5 b5 23. f3 Qc7 24. Ne5 Rf8 25. a4 bxa4 26. bxa4 Nd7 27. Nxd7 Qxd7 28. Rb1 f6 29. Rb6 Rae8 30. Qd6 Qxd6 31. cxd6 Rb8 32. Rxc6 Rfd8 33. Rdc1 Rd7 34. Ra6 Rbd8 35. Rcc6 Kf7 36. f4 e5 37. fxe5 fxe5 38. dxe5 Ke6 39. Rxa5 Kxe5 40. Raa6 g5 41. h3 Ke4 42. Kf2 Rf8+ 43. Ke1 Rf6 44. Kd2 Rh6 45. a5 Rxh3 46. Rc7 Rd8 47. Re7+ Kf5 48. d7 Rxg3 49. Rc6 Rb3 50. Rc8 Kf6 51. Rxh7 Rb8 52. Rc6+ Kf5 53. a6 Ra8 54. Rf7+ Kg4 55. Rd6 Ra7 56. Ke3 Kg3 57. Rxd5 g4 58. Rd6 Kg2 59. Rg7 g3 60. Rdg6 Kh2 61. Rxg3 Rxa6 62. Kf2 Rf6+ 63. Rf3 Rh6 64. Rff7 Rdh8 65. Rh7 1-0

[Event "EU-ch 15th"]
[Site "Yerevan"]
[Date "2014.03.10"]
[Round "7"]
[White "Sibashvili, Giorgi"]
[Black "Aleksanyan, Hrant"]
[Result "1-0"]
[WhiteElo "2239"]
[BlackElo "2003"]
[PlyCount "55"]
[EventDate "2014.03.03"]
[EventType "swiss"]
[EventRounds "11"]
[EventCountry "ARM"]
[SourceTitle "CBM 160"]
[Source "ChessBase"]
[SourceDate "2014.05.15"]
[SourceVersion "1"]
[SourceVersionDate "2014.05.15"]
[SourceQuality "1"]

1. Nf3 Nf6 2. c4 e6 3. g3 b6 4. Bg2 Bb7 5. d4 g6 6. Nc3 Ne4 7. d5 Nxc3 8. Qd4 f6 9. Qxc3 exd5 10. cxd5 Bxd5 11. 0-0 Bg7 12. Rd1 Bc6 13. Nd4 Bxg2 14. Ne6 Qc8 15. Nxc7+ Kd8 16. Bf4 Bb7 17. Qb3 Qxc7 18. Bxc7+ Kxc7 19. Qf7 Bh6 20. Qxf6 Rd8 21. b4 a6 22. a4 Nc6 23. b5 axb5 24. axb5 Rxa1 25. Rxa1 Na5 26. Rxa5 bxa5 27. b6+ Kc8 28. Qd6 1-0

[Event "Wch U16"]
[Site "Al Ain"]
[Date "2013.12.27"]
[Round "10"]
[White "Aleksanyan, Hrant"]
[Black "Ostapchik, Anton"]
[Result "1/2-1/2"]
[WhiteElo "1981"]
[BlackElo "1897"]
[PlyCount "80"]
[EventDate "2013.12.18"]
[EventType "swiss"]
[EventRounds "11"]
[EventCountry "UAE"]
[SourceTitle "CBM 158 Extra"]
[Source "ChessBase"]
[SourceDate "2014.02.28"]
[SourceVersion "1"]
[SourceVersionDate "2014.02.28"]
[SourceQuality "1"]

1. d4 Nf6 2. Nf3 g6 3. g3 Bg7 4. Bg2 0-0 5. 0-0 d6 6. Nbd2 c6 7. e4 Qc7 8. b3 Bg4 9. Bb2 Nbd7 10. Re1 e5 11. h3 Bxf3 12. Nxf3 exd4 13. Nxd4 Rfe8 14. c4 a5 15. Qc2 a4 16. b4 a3 17. Bc3 Nb6 18. Qb3 Na4 19. Rad1 Nxc3 20. Qxc3 Qb6 21. Qd2 Nd7 22. Nc2 Ne5 23. Ne3 Ra4 24. Rb1 Bh6 25. c5 dxc5 26. bxc5 Qxc5 27. Rxb7 Rd4 28. Qe2 Red8 29. Ng4 Bg7 30. Nxe5 Bxe5 31. Qe3 Qa5 32. Re2 Rd3 33. Qa7 Rd1+ 34. Kh2 Qxa7 35. Rxa7 Bb2 36. e5 Ra1 37. Bxc6 Rxa2 38. Bb5 Ra1 39. Bc4 Rf8 40. Kg2 Rc1 1/2-1/2

[Event "Wch U16"]
[Site "Al Ain"]
[Date "2013.12.26"]
[Round "9"]
[White "Dogan, Mire Deniz"]
[Black "Aleksanyan, Hrant"]
[Result "1-0"]
[WhiteElo "1772"]
[BlackElo "1981"]
[PlyCount "91"]
[EventDate "2013.12.18"]
[EventType "swiss"]
[EventRounds "11"]
[EventCountry "UAE"]
[SourceTitle "CBM 158 Extra"]
[Source "ChessBase"]
[SourceDate "2014.02.28"]
[SourceVersion "1"]
[SourceVersionDate "2014.02.28"]
[SourceQuality "1"]

1. d4 Nf6 2. c4 e6 3. Nf3 b6 4. Nc3 Bb7 5. Bg5 h6 6. Bf4 Bb4 7. Qb3 a5 8. a3 Bxc3+ 9. Qxc3 Ne4 10. Qc2 d6 11. Rd1 f5 12. h4 Nd7 13. Nd2 0-0 14. f3 Nxd2 15. Rxd2 Qe7 16. Qb3 a4 17. Qe3 e5 18. dxe5 dxe5 19. Rxd7 Qxd7 20. Bxe5 Rae8 21. f4 c5 22. Rh3 Rf7 23. Qc3 Be4 24. Re3 Rd8 25. g4 Qd1+ 26. Kf2 Qb1 27. Rg3 fxg4 28. Rxg4 Rd1 29. Rg1 Qc1 30. Qg3 Qd2 31. Bh3 Rxg1 32. Kxg1 Kh8 33. Kf2 Qd8 34. Be6 Rb7 35. Qg4 Bh7 36. Qh5 Bg8 37. Bd5 Re7 38. Qxh6+ Bh7 39. Be4 Qg8 40. Qg5 Ra7 41. Bd5 Qf8 42. h5 Qe7 43. Qg3 Rd7 44. h6 Rxd5 45. Bxg7+ Kg8 46. Bf6+ 1-0

[Event "Wch U16"]
[Site "Al Ain"]
[Date "2013.12.19"]
[Round "2"]
[White "Bilguun, Sumiya"]
[Black "Aleksanyan, Hrant"]
[Result "0-1"]
[WhiteElo "2270"]
[BlackElo "1981"]
[PlyCount "76"]
[EventDate "2013.12.18"]
[EventType "swiss"]
[EventRounds "11"]
[EventCountry "UAE"]
[SourceTitle "CBM 158 Extra"]
[Source "ChessBase"]
[SourceDate "2014.02.28"]
[SourceVersion "1"]
[SourceVersionDate "2014.02.28"]
[SourceQuality "1"]

1. e4 c5 2. Nf3 e6 3. d4 cxd4 4. Nxd4 a6 5. Nc3 Qc7 6. Bd3 Nf6 7. 0-0 d6 8. Qe2 Nbd7 9. Kh1 Be7 10. f4 0-0 11. Bd2 Nc5 12. Rae1 Nxd3 13. cxd3 b5 14. Rc1 Qd7 15. b4 Bb7 16. f5 e5 17. Nb3 d5 18. Bg5 dxe4 19. dxe4 Bxb4 20. Bxf6 gxf6 21. Qg4+ Kh8 22. Qh4 Qe7 23. Rf3 Rg8 24. Nd5 Bxd5 25. exd5 Rad8 26. Qe4 a5 27. Rc6 a4 28. Nc1 Bd6 29. Ne2 b4 30. Rh3 Rb8 31. Rc4 Rg7 32. Qc2 Qd7 33. Rc6 Rgg8 34. Qd2 b3 35. axb3 axb3 36. Qb2 Ba3 37. Qxa3 b2 38. Nc3 Qxc6 0-1

[Event "Jermuk Asrian Memorial 6th"]
[Site "Jermuk"]
[Date "2013.06.21"]
[Round "6"]
[White "Petrosyan, Tigran S"]
[Black "Aleksanyan, Hrant"]
[Result "1-0"]
[WhiteElo "2356"]
[BlackElo "1939"]
[PlyCount "93"]
[EventDate "2013.06.16"]
[EventType "swiss"]
[EventRounds "9"]
[EventCountry "ARM"]
[SourceTitle "CBM 155 Extra"]
[Source "ChessBase"]
[SourceDate "2013.08.26"]
[SourceVersion "1"]
[SourceVersionDate "2013.08.26"]
[SourceQuality "1"]

1. d4 Nf6 2. c4 e6 3. g3 d5 4. Bg2 Be7 5. Nf3 0-0 6. 0-0 dxc4 7. Qc2 a6 8. a4 Nc6 9. Qxc4 Nb4 10. Qb3 a5 11. Nc3 b6 12. Ne5 Rb8 13. Rd1 Bb7 14. e4 Nd7 15. Nc4 Rc8 16. Be3 Re8 17. Rac1 Bf8 18. Bf4 g5 19. Be3 Bg7 20. Nb5 Na6 21. d5 exd5 22. exd5 Nac5 23. Qc2 Qf6 24. Bd4 Qg6 25. Qxg6 hxg6 26. Bxc5 Nxc5 27. d6 Bxg2 28. Kxg2 cxd6 29. Nbxd6 Nxa4 30. Nxc8 Rxc8 31. b3 Nb2 32. Nxb6 Rb8 33. Rd6 Kh7 34. Rcc6 Be5 35. Rd5 Re8 36. Nc4 Nxc4 37. Rxc4 Bf6 38. Rxa5 Rb8 39. b4 Rb7 40. Rd5 Kg7 41. b5 Kf8 42. Rc6 Be7 43. b6 Rb8 44. Rd7 Ke8 45. Rdc7 Bd8 46. Rc8 Rb7 47. Rd6 1-0

[Event "Jermuk Asrian Memorial 6th"]
[Site "Jermuk"]
[Date "2013.06.16"]
[Round "1"]
[White "Harutyunian, Tigran K"]
[Black "Aleksanyan, Hrant"]
[Result "1-0"]
[WhiteElo "2359"]
[BlackElo "1939"]
[PlyCount "69"]
[EventDate "2013.06.16"]
[EventType "swiss"]
[EventRounds "9"]
[EventCountry "ARM"]
[SourceTitle "CBM 155 Extra"]
[Source "ChessBase"]
[SourceDate "2013.08.26"]
[SourceVersion "1"]
[SourceVersionDate "2013.08.26"]
[SourceQuality "1"]

1. d4 Nf6 2. c4 e6 3. Nc3 Bb4 4. e3 0-0 5. Nge2 d5 6. a3 Be7 7. Ng3 Nbd7 8. cxd5 exd5 9. Nf5 Nb6 10. Nxe7+ Qxe7 11. Bd3 c5 12. 0-0 Bg4 13. f3 Bh5 14. Ne2 Bg6 15. Nf4 Bxd3 16. Nxd3 Nfd7 17. Re1 f5 18. Bd2 a5 19. Bc3 c4 20. Nf4 Nb8 21. b4 a4 22. g3 N8d7 23. e4 fxe4 24. fxe4 dxe4 25. d5 Rae8 26. Ne6 Rf3 27. Bxg7 Nxd5 28. Rxe4 Nc3 29. Bxc3 Rxc3 30. Nc5 Ne5 31. Qd5+ Kh8 32. Qd4 Qg7 33. Qxc3 Nf3+ 34. Qxf3 Qxa1+ 35. Qf1 1-0

[Event "EU-ch U14"]
[Site "Prague"]
[Date "2012.08.23"]
[Round "7"]
[White "Suarez Gomez, Julio"]
[Black "Aleksanyan, Hrant"]
[Result "1-0"]
[WhiteElo "2057"]
[BlackElo "1898"]
[PlyCount "117"]
[EventDate "2012.08.17"]
[EventType "swiss"]
[EventRounds "9"]
[EventCountry "CZE"]
[SourceTitle "CBM 150 Extra"]
[Source "ChessBase"]
[SourceDate "2012.10.19"]
[SourceVersion "1"]
[SourceVersionDate "2012.10.19"]
[SourceQuality "1"]

1. e4 e5 2. Nf3 Nc6 3. Bb5 a6 4. Ba4 Nf6 5. d4 exd4 6. 0-0 Be7 7. Re1 b5 8. Bb3 d6 9. Bd5 Nxd5 10. exd5 Ne5 11. Nxd4 0-0 12. a4 Bg4 13. Qd2 Bd7 14. Nc3 b4 15. Nce2 a5 16. b3 Qb8 17. Bb2 Qb7 18. c4 bxc3 19. Nxc3 Rfe8 20. Rac1 Rac8 21. h3 Bf8 22. Ncb5 Red8 23. f4 Ng6 24. Nc6 Bxc6 25. dxc6 Qb6+ 26. Bd4 Qa6 27. Bf2 Ne7 28. Bh4 Re8 29. Kh1 Qb6 30. Qf2 Qb8 31. Bxe7 Rxe7 32. Rxe7 Bxe7 33. Re1 Bf6 34. Qa7 Qxa7 35. Nxa7 Rb8 36. Nb5 Kf8 37. Rc1 Bd8 38. g4 Ke7 39. Re1+ Kf8 40. Kg2 Rb6 41. Rc1 Ke7 42. Kf3 Ke6 43. Ke4 g6 44. Nd4+ Ke7 45. Kd5 Rb4 46. Rc4 Rb8 47. Nb5 Kf8 48. Rc2 Rc8 49. Re2 Bf6 50. g5 Bg7 51. Nxc7 Rxc7 52. Kxd6 Ra7 53. c7 Ra8 54. Kd7 Bc3 55. c8Q+ Rxc8 56. Kxc8 Bb4 57. Kd7 Kg7 58. Re4 f5 59. Rxb4 1-0

[Event "EU-ch U14"]
[Site "Prague"]
[Date "2012.08.18"]
[Round "2"]
[White "Aleksanyan, Hrant"]
[Black "Pulpan, Jakub"]
[Result "1-0"]
[WhiteElo "1898"]
[BlackElo "2087"]
[PlyCount "129"]
[EventDate "2012.08.17"]
[EventType "swiss"]
[EventRounds "9"]
[EventCountry "CZE"]
[SourceTitle "CBM 150 Extra"]
[Source "ChessBase"]
[SourceDate "2012.10.19"]
[SourceVersion "1"]
[SourceVersionDate "2012.10.19"]
[SourceQuality "1"]

1. d4 Nf6 2. c4 e6 3. Nf3 d5 4. Nc3 Be7 5. Bg5 0-0 6. e3 b6 7. cxd5 exd5 8. Bd3 Bb7 9. 0-0 c5 10. Rc1 Nbd7 11. Qe2 Ne4 12. Bxe7 Qxe7 13. Rfd1 Ndf6 14. dxc5 Nxc3 15. Rxc3 bxc5 16. Rdc1 Rac8 17. Qc2 c4 18. Bf5 Rc6 19. Nd4 Ra6 20. Qb1 g6 21. Bc2 Rb6 22. Qa1 Rb8 23. b3 Ba6 24. Rb1 Ne4 25. Bxe4 Qxe4 26. Re1 f5 27. Qd1 Kf8 28. Qf3 Qe5 29. Rcc1 Rf6 30. Qf4 Qe7 31. Red1 Rd8 32. h4 Qd6 33. g3 Qxf4 34. gxf4 Rc8 35. Nf3 Rb6 36. Nd4 Bb7 37. Rc3 Ra6 38. Rd2 Kf7 39. Kf1 cxb3 40. Rxc8 Bxc8 41. Nxb3 Rd6 42. Ke1 Ba6 43. Nd4 Rb6 44. Kd1 Rb1+ 45. Kc2 Rh1 46. Nf3 Ke6 47. Rd1 Rxd1 48. Kxd1 h6 49. Kd2 Kf6 50. Kc3 Be2 51. Nd4 Bc4 52. a3 g5 53. hxg5+ hxg5 54. fxg5+ Kxg5 55. Nc6 f4 56. Nxa7 fxe3 57. fxe3 Kf5 58. Kd4 Ke6 59. e4 Bb3 60. e5 Ba4 61. Nc8 Bd7 62. Nb6 Bc6 63. a4 Kf5 64. a5 Bb7 65. Nxd5 1-0